Manorama yearbook 2010 [with CD] (Record no. 17613)
[ view plain ]
| 000 -LEADER | |
|---|---|
| fixed length control field | 00536nam a2200181Ia 4500 |
| 003 - CONTROL NUMBER IDENTIFIER | |
| control field | IN-BaIIA |
| 008 - FIXED-LENGTH DATA ELEMENTS--GENERAL INFORMATION | |
| fixed length control field | 211028s9999 xx 000 0 eng d |
| 040 ## - CATALOGING SOURCE | |
| Transcribing agency | IIA Library |
| 080 ## - UNIVERSAL DECIMAL CLASSIFICATION NUMBER | |
| Universal Decimal Classification number | 058(540) |
| Item number | MAN-10 |
| 245 #0 - TITLE STATEMENT | |
| Title | Manorama yearbook 2010 [with CD] |
| Statement of responsibility, etc. | edited by K. M. Mathew |
| 250 ## - EDITION STATEMENT | |
| Edition statement | 45th ed. |
| 260 ## - PUBLICATION, DISTRIBUTION, ETC. | |
| Place of publication, distribution, etc. | Kottayam |
| Name of publisher, distributor, etc. | Malayala Manorama |
| Date of publication, distribution, etc. | 2010 |
| 300 ## - PHYSICAL DESCRIPTION | |
| Extent | 1040p. |
| 650 ## - SUBJECT ADDED ENTRY--TOPICAL TERM | |
| Topical term or geographic name entry element | india-Yearbook |
| 9 (RLIN) | 33313 |
| 650 ## - SUBJECT ADDED ENTRY--TOPICAL TERM | |
| Topical term or geographic name entry element | Yearbook-india |
| 9 (RLIN) | 33314 |
| 700 ## - ADDED ENTRY--PERSONAL NAME | |
| Personal name | Mathew, K. M., ed. |
| 9 (RLIN) | 11789 |
| 942 ## - ADDED ENTRY ELEMENTS (KOHA) | |
| Koha item type | Books |
| Withdrawn status | Lost status | Damaged status | Not for loan | Home library | Current library | Shelving location | Date acquired | Source of acquisition | Cost, normal purchase price | Total Checkouts | Full call number | Barcode | Date last seen | Cost, replacement price | Price effective from | Koha item type | Purchase Price |
|---|---|---|---|---|---|---|---|---|---|---|---|---|---|---|---|---|---|
| IIA Library-Bangalore | IIA Library-Bangalore | General Stacks | 06/02/2010 | EDS | 3408.27 | 058(540)/ MAN-10 | 18535 | 05/11/2021 | 3408.27 | 06/02/2010 | Books | Rs. 3408.27 |